Представление документа в формате MARC21

Поле Инд. ПП Название Значение
Тип записи a
Библиографический уровень m
001 Контрольный номер RU/IS/BASE/133366500
005 Дата корректировки 20230216100932.2
040 b Код языка каталог. rus
041 0_ a Код языка текста rus
080 00 a Индекс УДК 004.42
084 a Индекс другой классификации/Индекс ББК 32.973.26-018.2
090 00 a Полочн. индекс 681.3
x Авторский знак Р17
097 b Оператор 11
100 10 a Автор Разевиг В. Д.
245 00 a Заглавие Система P-CAD 7.0
b Продолж. заглавия руководство пользователя
260 00 a Место издания М.
b Издательство Русь-90
c Дата издания 1995
300 00 a Объем 283 с.
b Иллюстрации/ тип воспроизводства ил.
510 0_ a Примечание о ссылках Книги и методические пособия
650 04 a Основная рубрика 50.41 Программное обеспечение вычислительных машин, комплексов и сетей
x Основная подрубрика 50.41.25 Прикладное программное обеспечение
653 00 a Ключевые слова P-CAD; программы (выч. техника); прикладные программы; применение ЭВМ
700 10 a Другие авторы Блохнин С. М.
901 t Тип документа m